1905 1791 1274 1896 1396 1113 1854 1674 1572 1987 1520 1373 1955 1867 1950 1982 1889 1795 1043 1210 1074 1950 1481 1194 1256 1408 1998 1413 1382 1385 1823 1185 1139 1876 1672 1623 1409 1673 1196 1945 1047 1227 1133 1997 1921 1847 1748 1455 1012 1069 1416 1429 1265 1716 1970 1914 1012 1061 1782 1662 1439 1446 1540 1073 1230 1236 1836 1472 1769 1563 1848 1756 1617 1007 1874 1101 1178 1499 1448 1271 1716 1325 1174 1654 1985 1681 1693 1694 1253 1709 1370 1439 1357 1267 1512 1484 1046 1780 1606 BCNSPRNW ULIB Ver.6.0+V

เปลี่ยนเป็นภาษาไทย

Change to English
 แสดงรายละเอียดบรรณานุกรม
  กลับหน้าหลัก

Brief Record : Get Marc (ISO 2709) : E-mail record : QR code < ปิดหน้าต่าง
LEADER : 00000nam 2200000uu 4500
001    13399112380
003     ULIB
008    110627s2551||||th 000 0 tha d
020    9789748485427
090    นว.^bซ239จ 2551
100 0  ซิคล์
245 00 จี๊ดรักกยัยคุณหนูซุปเปอร์สตาร์/^cซิคล์
250    พิมพ์ครั้งที่ 1
260    กรุงเทพฯ :^b1168 พับลิชชิ่ง,^c2551
300    316 หน้า
710 1  1168 พับลิชชิ่ง
945    ^p199^l0^i024494
995    ทศพร
999 ^a ใช้งานได้ทุกระบบ
รายการนี้ยังไม่มีแท็ก
คุณยังไม่ได้ล็อกอิน คุณสามารถมีกิจกรรมร่วมกับเว็บไซต์ได้ แต่ต้องล็อกอินก่อน ::
  ล็อกอิน

รายการสื่อสารสนเทศ

ลำดับที่ ประเภท เลขเรียก/บาร์โค้ด สถานที่ สถานะ
- ไม่พบข้อมูล -

BibComment


ยังไม่เคยถูกคอมเมนท์

คอมเมนท์ทรัพยากรรายการนี้
  คอมเมนท์: จี๊ดรักกยัยคุณหนู..


 Copyright 2026. Bcnsprnw @Library